00285nam a2200121Ia 4500008004100000082001100041245001800052250000600070260004300076300000800119630001800127730001800145090124s9999 xx 000 0 und d b301294 a कारण a1 bवैद्य सुरेश.c1985 a212 a कारण a कारण